MARC details
| 000 -CABECERA |
| campo de control de longitud fija |
01880nam a2200289 i 4500 |
| 003 - IDENTIFICADOR DEL NÚMERO DE CONTROL |
| campo de control |
DO-SdBNP |
| 005 - FECHA Y HORA DE LA ÚLTIMA TRANSACCIÓN |
| campo de control |
20240813111322.0 |
| 007 - CAMPO FIJO DE DESCRIPCIÓN FÍSICA--INFORMACIÓN GENERAL |
| campo de control de longitud fija |
ta |
| 008 - DATOS DE LONGITUD FIJA--INFORMACIÓN GENERAL |
| campo de control de longitud fija |
240813b2011 dr a|||| |||| 00| 0 spa d |
| 020 ## - NÚMERO INTERNACIONAL ESTÁNDAR DEL LIBRO |
| Número Internacional Estándar del Libro |
9789993449782 |
| 040 ## - FUENTE DE LA CATALOGACIÓN |
| Centro catalogador/agencia de origen |
DO-SdBNP |
| Lengua de catalogación |
spa |
| Centro/agencia transcriptor |
BNPHU |
| Normas de descripción |
rda |
| 082 ## - NÚMERO DE LA CLASIFICACIÓN DECIMAL DEWEY |
| Número de edición |
22 |
| Número de documento/Ítem |
R788 |
| 100 1# - ENTRADA PRINCIPAL--NOMBRE DE PERSONA |
| Nombre de persona |
Rosa, Víctor Ramón de la |
| 9 (RLIN) |
75754 |
| Término indicativo de función/relación |
autor |
| 245 10 - MENCIÓN DE TÍTULO |
| Título |
Efectos financieros del código de trabajo / |
| Mención de responsabilidad, etc. |
Víctor Ramón de la Rosa |
| 250 ## - MENCIÓN DE EDICIÓN |
| Mención de edición |
2a. edición |
| 264 #1 - PRODUCCIÓN, PUBLICACIÓN, DISTRIBUCIÓN, FABRICACIÓN Y COPYRIGHT |
| Producción, publicación, distribución, fabricación y copyright |
Santo Domingo : |
| Nombre del de productor, editor, distribuidor, fabricante |
Gente, |
| Fecha de producción, publicación, distribución, fabricación o copyright |
2011. |
| 300 ## - DESCRIPCIÓN FÍSICA |
| Extensión |
119 páginas |
| Otras características físicas |
ilustraciones |
| Dimensiones |
22 cm. |
| 336 ## - TIPO DE CONTENIDO |
| Fuente |
rdacontent |
| Término de tipo de contenido |
texto |
| Código de tipo de contenido |
txt |
| 337 ## - TIPO DE MEDIO |
| Fuente |
rdamedia |
| Nombre/término del tipo de medio |
sin mediación |
| Código del tipo de medio |
n |
| 338 ## - TIPO DE SOPORTE |
| Fuente |
rdacarrier |
| Nombre/término del tipo de soporte |
volumen |
| Código del tipo de soporte |
nc |
| 490 1# - MENCIÓN DE SERIE |
| Mención de serie |
Contables-Administrativas |
| 500 ## - NOTA GENERAL |
| Nota general |
Incluye datos biografícos del autor en la contraportada. |
| 505 ## - NOTA DE CONTENIDO CON FORMATO |
| Título |
Prólogo de la décima edición -- |
| -- |
Prólogo de esta edición -- |
| -- |
Presentación -- |
| -- |
La jornada de trabajo -- |
| -- |
Pago de horas extraordinarias -- |
| -- |
Tabla para determinar el salario diario promedio y el salario por horas -- |
| -- |
Como calcular el factor divisor para determinar el salario promedio diario -- |
| -- |
Días feriados -- |
| -- |
El Parque Nacional de Los Haitises -- |
| -- |
Días feriados y descanso semanal -- |
| -- |
Vacaciones anuales -- |
| -- |
Salario de navidad -- |
| -- |
Participación del trabajador en los beneficios de la empresa -- |
| -- |
Indemnización del trabajador por terminación del contrato -- |
| -- |
Formulario de liquidación de prestaciones laborales -- |
| -- |
Ilustración para calcular la cesantía tomando en cuenta que el trabajador ingresa después de entrar en vigencia el Código Laboral -- |
| -- |
De la terminación por despido del trabajador -- |
| -- |
Relación cronológica de los artículos del Código de Trabajo analizados en este libro -- |
| -- |
Glosario de términos -- |
| -- |
Anexos: formulario de plantilla de personal fijo / |
| 590 ## - NOTA LOCAL (RLIN) |
| Nota local |
Inventariado, 2024/ YL |
| 910 ## - DATOS DE OPCIÓN DEL USUARIO (OCLC) |
| Datos de opción del usuario |
YLockward |
| 942 ## - ELEMENTOS DE PUNTO DE ACCESO ADICIONAL (KOHA) |
| Fuente del sistema de clasificación o colocación |
Dewey Decimal Classification |
| Tipo de ítem Koha |
Libro |